000 01109nac a22003017a 4500
001 BR7405786
003 BR-BrBNA
005 20240105113806.0
008 230509b bl.|||m| |||| 00| 0 por d
040 _aBR-BrBNA
_bpor
_cBiblioteca Nacional de Agricultura
072 _aP00; E30
090 _aP00 BR7405786
100 1 _aSilvestre Filho, D.F.
100 1 _aRomeu, N.
110 1 _aInstituto de Planejamento Economico e Social, Brasilia, DF (Brasil). Inst. de Planejamento
_96240
245 1 _aCaracteristicas e potencialidades do pantanal Matogrossense [Recurso natural; Politica de desenvolvimento; Desenvolvimento economico; Brasil]
260 3 _aBrasilia, DF (Brasil):
_c1974.
300 _a218 p.
490 _aIPEA/IPLAN. Estudos para o Planejamento (Brazil)
_vno. 10
_x
500 _aBibliography p. 215-218 (54 ref.); 19 illus.
650 _aRECURSO NATURAL
650 _aPOLITICA DE DESENVOLVIMENTO
650 _aDESENVOLVIMENTO ECONOMICO
650 _aMATO GROSSO
650 _aPANTANAL MATOGROSSENSE
909 _a202312
_bLúcia Elande
_c55
_dLúcia Elande
942 _2AGRIS
_n0
_cMS
999 _c265604
_d265604